| 000 | 00374nam a22001577a 4500 | ||
|---|---|---|---|
| 003 | LK-CoMWRAF | ||
| 005 | 20231117141923.0 | ||
| 008 | 231117b |||||||| |||| 00| 0 eng d | ||
| 040 |
_aLK-CoMWRAF _dLK-CoMWRAF _eLK-CoMWRAF |
||
| 041 | _aeng | ||
| 082 |
_a823 _bNOL |
||
| 245 | _aNolan and the honey | ||
| 260 | _bShree book centre | ||
| 650 | _aChildren Books | ||
| 942 | _cBK | ||
| 999 |
_c4097 _d4097 |
||